000 004930000a22002290004500
005 20120302060407.0
942 _cBOOK
100 _a Vidyaranya
245 _a Panchadashi
300 _a500p.
040 _aSAN
650 _aSankirna
650 _aPanchadashi
650 _aTatvaviveck
650 _aPanchamahaabhut Viveck
650 _aPanchkoshviveck
650 _aChitradeep
650 _aTrupatideep
650 _aaatakdeep
650 _aYogaananda
650 _aVidyananda
999 _c351059
_d351056